[Event "VIE-ch U15"]
[Site "Hai Phong"]
[Date "2018.07.09"]
[Round "5"]
[White "Nguyen, Phan Hieu Minh"]
[Black "Nguyen, Gia Huy"]
[Result "1/2-1/2"]
[WhiteElo "1796"]
[BlackElo "1790"]
[PlyCount "54"]
[EventDate "2018.07.07"]
[EventType "swiss"]
[EventRounds "9"]
[EventCountry "VIE"]
[SourceTitle "EXT 2019"]
[Source "ChessBase"]
[SourceDate "2018.10.10"]
[SourceVersion "1"]
[SourceVersionDate "2018.10.10"]
[SourceQuality "1"]

1. e4 c6 2. d4 d5 3. Nd2 dxe4 4. Nxe4 Bf5 5. Nc5 Qb6 6. Nf3 e6 7. Nb3 Nf6 8. Bd3 Bg6 9. Bxg6 hxg6 10. Bf4 Nbd7 11. h3 Rd8 12. Qe2 Nd5 13. Bh2 Bb4+ 14. Nfd2 N7f6 15. c3 Bd6 16. Nc4 Qc7 17. Nxd6+ Rxd6 18. Bxd6 Qxd6 19. Qf3 Rh4 20. g4 Qf4 21. Nd2 Nxg4 22. Qxf4 Nxf4 23. f3 Ne3 24. Kf2 Nf5 25. b3 Nd3+ 26. Ke2 Nf4+ 27. Kf2 Nd3+ 1/2-1/2

[Event "VIE-chT"]
[Site "Ho Chi Minh City"]
[Date "2017.07.26"]
[Round "4.44"]
[White "Dang, Anh Minh"]
[Black "Nguyen, Gia Huy"]
[Result "1-0"]
[WhiteElo "1495"]
[BlackElo "2021"]
[PlyCount "59"]
[EventDate "2017.07.24"]
[EventType "team-swiss"]
[EventRounds "9"]
[EventCountry "VIE"]
[SourceTitle "EXT 2019"]
[Source "ChessBase"]
[SourceDate "2018.10.10"]
[SourceVersion "1"]
[SourceVersionDate "2018.10.10"]
[SourceQuality "1"]

1. d4 d5 2. c4 c6 3. Nf3 Nf6 4. g3 g6 5. Bg2 Bg7 6. 0-0 0-0 7. Nc3 Re8 8. Ne5 Nbd7 9. Nxd7 Qxd7 10. cxd5 cxd5 11. Bf4 b6 12. Be5 Bb7 13. Qb3 Rac8 14. Rfd1 Rc4 15. e3 Ng4 16. Bxg7 Kxg7 17. h3 Nf6 18. Bf1 Rec8 19. Kh2 Qf5 20. Rd2 Ne4 21. Nxe4 Qxe4 22. Bg2 Qf5 23. Rad1 Rc2 24. g4 Qxf2 25. Rxf2 Rxf2 26. Kg3 Rcc2 27. Bxd5 Rg2+ 28. Bxg2 Rxg2+ 29. Kf4 f6 30. e4 1-0

[Event "VIE-ch U11"]
[Site "Ho Chi Minh City"]
[Date "2014.07.16"]
[Round "6"]
[White "Truong, Hoai Nam"]
[Black "Nguyen, Gia Huy"]
[Result "1-0"]
[WhiteElo "1945"]
[BlackElo "1975"]
[PlyCount "102"]
[EventDate "2014.07.13"]
[EventType "swiss"]
[EventRounds "9"]
[EventCountry "VIE"]
[SourceTitle "EXT 2016"]
[Source "ChessBase"]
[SourceDate "2015.10.08"]
[SourceVersion "1"]
[SourceVersionDate "2015.10.08"]
[SourceQuality "1"]

1. e4 e5 2. Nf3 Nc6 3. Bc4 Bc5 4. c3 Nf6 5. d4 exd4 6. cxd4 Bb4+ 7. Bd2 0-0 8. Bxb4 Nxb4 9. Qb3 d5 10. exd5 Nbxd5 11. 0-0 Nb6 12. Bd3 Bg4 13. Nbd2 Be6 14. Qc2 g6 15. a3 Qd7 16. Rac1 Rac8 17. Ne4 Nxe4 18. Bxe4 Rfe8 19. Bxb7 Rb8 20. Bc6 Qe7 21. Bxe8 Rxe8 22. Qxc7 Qf6 23. Qxa7 Nd5 24. Qa4 Rf8 25. Qc2 Nf4 26. Ra1 Bd5 27. Qd1 Re8 28. Re1 Rxe1+ 29. Nxe1 Qg5 30. g3 Nh3+ 31. Kf1 Qf6 32. f3 Ng5 33. Kg2 Ne6 34. Qd3 Nc5 35. Qe2 Nb3 36. Rd1 Na5 37. Qe8+ Kg7 38. Qe5 Nc4 39. Qxf6+ Kxf6 40. Rb1 Nd2 41. Rc1 Nb3 42. Rd1 g5 43. Kf2 Kg6 44. Nd3 f5 45. Nc5 Na5 46. b4 Nc4 47. a4 h5 48. b5 Na5 49. b6 g4 50. f4 Nb7 51. Nxb7 Bxb7 1-0